000 00577nam a2200193Ia 4500
003 OSt
005 20200212140708.0
008 190216s9999||||xx |||||||||||||| ||und||
020 _a9798172048203
040 _coclc
082 _a297
_bKAR/D
100 _a Karakunnu, Sheikh Mohammed
_91839
245 0 _aDeivam, Matham, Vedam: Sneha Samvadam /
_cSheikh Mohammed Karakunnu
250 _a6th ed.
260 _bDayalogue Centre Kerala,
_c2002.
_aKozhikode:
300 _a254p
650 _aIslamic Culture
942 _cBK
_2ddc
_h297
_iKAR/D
_k297
_mKAR/D
999 _c22510
_d22510